Flume Discography - Statistics

General Stats
  • This quiz has been taken 19 times
    14 since last reset
  • The average score is 6 of 8
Answer Stats
Type Year Name % Correct
Album 2012 Flume
100%
Album 2016 Skin
92%
Mixtape 2019 Hi This Is Flume
77%
Remix Album 2017 Skin: The Remixes
69%
Collaborative EP 2013 Lockjaw
62%
EP 2016 Skin Companion EP 1
62%
EP 2017 Skin Companion EP 2
62%
Collaborative EP 2019 Quits
54%
No matching quizzes found
Score Distribution
Percent of People with Each Score
Percentile by Number Answered
Your Score History
You have not taken this quiz since the last reset